000 00305nam a2200133 i 4500
001 bg
100 1 _aRACKOV, Boris
245 0 _aNafta a polityka światowa /
_cBoris Rackov.
260 _aWarszawa,
_c1976.
040 _cBPK
041 _apol
942 _cKS
008 s pl f |000 0 pol
999 _c26957
_d26957
856 _uhttp://koha.tu.koszalin.pl/cgi-bin/koha/opac-detail.pl?biblionumber=26957
_yKatalog online BPK